书目信息 |
| 题名: |
海上货物运输代理实务
|
|
| 作者: | 王爽 , 鲁艳萍 , 聂俊 主编 | |
| 分册: | ||
| 出版信息: | 南京 南京大学出版社 2015 |
|
| 页数: | 228页 | |
| 开本: | 26cm | |
| 丛书名: | 新航道高职高专精品教材规划 | |
| 单 册: | ||
| 中图分类: | U695.2 | |
| 科图分类: | ||
| 主题词: | 海上运输--hai shang yun shu--货物运输--货运代理--高等职业教育--教材 | |
| 电子资源: | ||
| ISBN: | 978-7-305-15865-0 | |
| 000 | 01178nam 2200289 450 | |
| 001 | 1653614502 | |
| 005 | 20160106091110.2 | |
| 010 | @a978-7-305-15865-0@dCNY36.00 | |
| 100 | @a20160106d2015 em y0chiy50 ea | |
| 101 | 0 | @achi |
| 102 | @aCN@b320000 | |
| 105 | @aak a 000yy | |
| 106 | @ar | |
| 200 | 1 | @a海上货物运输代理实务@Ahai shang huo wu yun shu dai li shi wu@f王爽, 鲁艳萍, 聂俊主编 |
| 210 | @a南京@c南京大学出版社@d2015 | |
| 215 | @a228页@c图@d26cm | |
| 225 | 2 | @a新航道高职高专精品教材规划@Axin hang dao gao zhi gao zhuan jing pin jiao cai gui hua@i财经系列 |
| 320 | @a有书目 (第227-228页) | |
| 330 | @a本书主要内容包括: 国际货运代理概述 ; 海运进出口业务 ; 海运进出口报检与报关业务 ; 集装箱交接业务 ; 集装箱拼箱业务 ; 海运货物保险 ; 海运单据的处理7个项目。每个项目以工作任务引出相关专业知识和业务实施方法和技巧。 | |
| 410 | 0 | @12001 @a新航道高职高专精品教材规划@i财经系列 |
| 606 | 0 | @a海上运输@Ahai shang yun shu@x货物运输@x货运代理@x高等职业教育@j教材 |
| 690 | @aU695.2@v5 | |
| 701 | 0 | @a王爽@Awang shuang@4主编 |
| 701 | 0 | @a鲁艳萍@Alu yan ping@4主编 |
| 701 | 0 | @a聂俊@Anie jun@4主编 |
| 801 | 0 | @aCN@b人天书店@c20160106 |
| 905 | @aBZT@dU695.2@e3 | |
| 海上货物运输代理实务/王爽, 鲁艳萍, 聂俊主编.-南京:南京大学出版社,2015 |
| 228页:图;26cm.-(新航道高职高专精品教材规划.财经系列) |
| ISBN 978-7-305-15865-0:CNY36.00 |
| 本书主要内容包括: 国际货运代理概述 ; 海运进出口业务 ; 海运进出口报检与报关业务 ; 集装箱交接业务 ; 集装箱拼箱业务 ; 海运货物保险 ; 海运单据的处理7个项目。每个项目以工作任务引出相关专业知识和业务实施方法和技巧。 |
| ● |
| 相关链接 |
|
|
|
正题名:海上货物运输代理实务
索取号:U695.2/3
 
预约/预借
| 序号 | 登录号 | 条形码 | 馆藏地/架位号 | 状态 | 备注 |
| 1 | 815828 | 2000815828 | 第二书库/ [索取号:U695.2/3] | 在馆 | |
| 2 | 815829 | 2000815829 | 第二书库/ [索取号:U695.2/3] | 在馆 | |
| 3 | 815830 | 2000815830 | 第二书库/ [索取号:U695.2/3] | 在馆 |